[Event "Budapest Vezerkepzo GM 04"]
[Site "Budapest"]
[Date "2025.04.24"]
[Round "3"]
[White "Pap, Misa"]
[Black "Dixit, Nikhil"]
[Result "1/2-1/2"]
[WhiteElo "2444"]
[BlackElo "2330"]
[PlyCount "100"]
[EventDate "2025.04.22"]
[EventType "tourn"]
[EventRounds "9"]
[EventCountry "HUN"]
[EventCategory "6"]
[SourceTitle "CB20_2025"]
[SourceDate "2025.05.14"]
[SourceVersion "1"]
[SourceVersionDate "2025.05.14"]
[SourceQuality "1"]

1. e4 g6 2. d4 Bg7 3. Nf3 d6 4. Bc4 Nf6 5. Qe2 0-0 6. e5 dxe5 7. dxe5 Nd5 8. 0-0 Bg4 9. Nbd2 c6 10. h3 Be6 11. Ne4 Nd7 12. Neg5 Qc7 13. Nxe6 fxe6 14. Ng5 Nc5 15. f4 Bh6 16. h4 Bxg5 17. hxg5 b5 18. Bb3 a5 19. c4 a4 20. cxd5 axb3 21. dxe6 bxa2 22. Qc2 Na6 23. Qb3 Nc5 24. Qc2 Na6 25. Bd2 Qb6+ 26. Kh2 Qc5 27. Qb3 Qd4 28. Be3 Qb4 29. Qxa2 Nc7 30. Qb1 Rxa1 31. Qxa1 Nd5 32. Qc1 Nxe3 33. Qxe3 Qc4 34. Re1 Qxe6 35. Qe4 Qg4 36. Rf1 Qe6 37. b4 Kg7 38. Kg3 Rd8 39. Rc1 Rd5 40. Qc2 Rd4 41. Qxc6 Qf5 42. Rf1 Rxb4 43. Rf3 Rb1 44. Qc5 Qe6 45. Qc2 Rb4 46. Qc5 Rb3 47. Rxb3 Qxb3+ 48. Kh2 Kf7 49. Qb6 Qd5 50. e6+ Qxe6 1/2-1/2

[Event "Budapest Vezerkepzo GM 04"]
[Site "Budapest"]
[Date "2025.04.23"]
[Round "2"]
[White "Dixit, Nikhil"]
[Black "Grover, Sahaj"]
[Result "0-1"]
[WhiteElo "2330"]
[BlackElo "2464"]
[PlyCount "112"]
[EventDate "2025.04.22"]
[EventType "tourn"]
[EventRounds "9"]
[EventCountry "HUN"]
[EventCategory "6"]
[SourceTitle "CB20_2025"]
[SourceDate "2025.05.14"]
[SourceVersion "1"]
[SourceVersionDate "2025.05.14"]
[SourceQuality "1"]

1. Nf3 d5 2. g3 Nd7 3. Bg2 e5 4. d3 Ngf6 5. 0-0 Bd6 6. Nbd2 0-0 7. e4 c6 8. Nh4 Re8 9. Re1 a5 10. Nf1 a4 11. Nf5 Bf8 12. g4 Nc5 13. g5 Nfd7 14. h4 Nb6 15. Qf3 Be6 16. Nh2 Qd7 17. Ng4 Bxf5 18. Qxf5 Qxf5 19. exf5 e4 20. d4 Ncd7 21. h5 Nc4 22. Bh3 a3 23. b3 Bb4 24. Bf4 Nd2 25. Nh2 Nf3+ 26. Nxf3 exf3 27. Re3 Re4 28. Rxe4 dxe4 29. f6 Bc3 30. Rd1 Nb6 31. fxg7 Nd5 32. Be5 Nb4 33. Kh2 Nxa2 34. g6 hxg6 35. hxg6 Nb4 36. Kg3 Re8 37. Bd7 Rxe5 38. dxe5 Bxe5+ 39. Kg4 a2 40. Kf5 a1Q 41. Rxa1 Bxa1 42. gxf7+ Kxf7 43. Kxe4 Nxc2 44. Kxf3 Bxg7 45. Ke4 Ke7 46. Bc8 b6 47. Kd3 Nd4 48. b4 Kd6 49. Bh3 Ne6 50. Kc4 b5+ 51. Kb3 Nf4 52. Bf5 Bd4 53. f3 Nd5 54. Bg6 Bc3 55. Be4 Bxb4 56. Bxd5 Kxd5 0-1

[Event "Titled Tuesday intern op 01st Apr Early"]
[Site "Chess.com INT"]
[Date "2025.04.01"]
[Round "2"]
[White "Dixit, Nikhil"]
[Black "Bruhovich, Olexandr"]
[Result "1-0"]
[WhiteElo "2343"]
[BlackElo "2208"]
[PlyCount "55"]
[EventDate "2025.04.01"]
[EventType "swiss (blitz)"]
[EventRounds "11"]
[EventCountry "USA"]
[SourceTitle "CB15_2025"]
[SourceDate "2025.04.09"]
[SourceVersion "1"]
[SourceVersionDate "2025.04.09"]
[SourceQuality "1"]

1. e4 c5 2. Nf3 d6 3. Bb5+ Bd7 4. Bxd7+ Nxd7 5. 0-0 g6 6. Re1 Bg7 7. c3 c4 8. Qe2 Rc8 9. b3 b5 10. a4 a6 11. axb5 axb5 12. bxc4 bxc4 13. Na3 Qc7 14. Rb1 Qc5 15. Ra1 Ra8 16. Bb2 Nb6 17. Nxc4 Rxa1 18. Rxa1 Nxc4 19. Ra8+ Kd7 20. d4 Qc7 21. Nd2 Qb7 22. Nxc4 Nf6 23. Rxh8 Bxh8 24. f3 Qb3 25. h4 Nh5 26. Na5 Qb6 27. Nc4 Qb5 28. Ne5+ 1-0

[Event "Titled Tuesday intern op 01st Apr Early"]
[Site "Chess.com INT"]
[Date "2025.04.01"]
[Round "1"]
[White "Monteiro, Luis Felipe Furtado"]
[Black "Dixit, Nikhil"]
[Result "1-0"]
[WhiteElo "1942"]
[BlackElo "2343"]
[PlyCount "127"]
[EventDate "2025.04.01"]
[EventType "swiss (blitz)"]
[EventRounds "11"]
[EventCountry "USA"]
[SourceTitle "CB15_2025"]
[SourceDate "2025.04.09"]
[SourceVersion "1"]
[SourceVersionDate "2025.04.09"]
[SourceQuality "1"]

1. e4 c5 2. Nf3 Nc6 3. Bb5 g6 4. Bxc6 dxc6 5. 0-0 Bg7 6. d3 Nf6 7. Nbd2 0-0 8. h3 Qc7 9. Nc4 Nd7 10. Rb1 e5 11. Bd2 a5 12. a4 b5 13. Na3 Ba6 14. Qe1 b4 15. Nc4 Bxc4 16. dxc4 Rfd8 17. b3 Nf8 18. Be3 Ne6 19. Qe2 Nd4 20. Bxd4 cxd4 21. Ne1 f5 22. Nd3 f4 23. g3 g5 24. gxf4 gxf4 25. Kh1 Qd7 26. Qf3 Kh8 27. Rg1 Bf6 28. Rg2 Rg8 29. Rbg1 Rxg2 30. Rxg2 Rg8 31. Rxg8+ Kxg8 32. Qg4+ Qxg4 33. hxg4 Kf7 34. g5 Bg7 35. Nc5 Kg6 36. Nb7 Kxg5 37. f3 Kf6 38. Nxa5 Ke6 39. Nxc6 Bf8 40. a5 Kd6 41. Na7 Kc5 42. Nb5 Be7 43. Nc7 Kc6 44. Nd5 Bd8 45. Nxb4+ Kb7 46. Nd3 Bxa5 47. Nxe5 Kb6 48. Nd3 Bd2 49. Kg2 Kc6 50. Kh3 Kd6 51. Kg4 Ke6 52. Kh5 Kf6 53. Kh6 Ba5 54. Kxh7 Kg5 55. Kg7 Kh4 56. Nxf4 Kg3 57. Nd3 Kxf3 58. e5 Ke3 59. e6 Bd8 60. Kf7 Kd2 61. c5 Kxc2 62. Ne5 d3 63. Nxd3 Kxd3 64. e7 1-0

[Event "Titled Tuesday intern op 25th Mar Early"]
[Site "Chess.com INT"]
[Date "2025.03.25"]
[Round "2"]
[White "Oberoi, Shelev"]
[Black "Dixit, Nikhil"]
[Result "1-0"]
[WhiteElo "2174"]
[BlackElo "2343"]
[PlyCount "83"]
[EventDate "2025.03.25"]
[EventType "swiss (blitz)"]
[EventRounds "11"]
[EventCountry "USA"]
[SourceTitle "CB14_2025"]
[SourceDate "2024.11.01"]
[SourceVersion "1"]
[SourceVersionDate "2024.11.01"]
[SourceQuality "1"]

1. d4 Nf6 2. Nc3 d5 3. Bf4 g6 4. e3 Bg7 5. Nb5 Na6 6. Nc3 0-0 7. Bxa6 bxa6 8. Be5 Bf5 9. Nge2 Ne4 10. Bxg7 Kxg7 11. f3 Nxc3 12. Nxc3 Re8 13. 0-0 Qd6 14. e4 Be6 15. e5 Qb6 16. Na4 Qb5 17. c3 h5 18. b3 h4 19. Nc5 a5 20. Qd2 Rh8 21. Rae1 Rh5 22. a4 Qc6 23. b4 axb4 24. cxb4 g5 25. b5 Qe8 26. f4 gxf4 27. Qxf4 Bf5 28. Rf2 e6 29. Qd2 Rd8 30. Rf4 Qh8 31. Qf2 Qh6 32. Rf1 Rg8 33. Nd7 Kh8 34. Nf6 Rhg5 35. Nxg8 Kxg8 36. Qxh4 Qg6 37. g3 Qg7 38. a5 Qg6 39. Rc1 Be4 40. Rxc7 Rh5 41. Rc8+ Kg7 42. Qf6+ 1-0

[Event "Titled Tuesday intern op 11th Mar Early"]
[Site "Chess.com INT"]
[Date "2025.03.11"]
[Round "10"]
[White "Dixit, Nikhil"]
[Black "Matyukov, Petr"]
[Result "1/2-1/2"]
[WhiteElo "2343"]
[BlackElo "2315"]
[PlyCount "142"]
[EventDate "2025.03.11"]
[EventType "swiss (blitz)"]
[EventRounds "11"]
[EventCountry "USA"]
[SourceTitle "CB12_2025"]
[SourceDate "2025.03.19"]
[SourceVersion "1"]
[SourceVersionDate "2025.03.19"]
[SourceQuality "1"]

1. e4 c5 2. Nf3 d6 3. Bb5+ Bd7 4. Bxd7+ Qxd7 5. 0-0 Nf6 6. e5 dxe5 7. Nxe5 Qc7 8. d4 e6 9. Bf4 Bd6 10. Na3 Qe7 11. Nb5 Bxe5 12. dxe5 Nd5 13. Nd6+ Kf8 14. Bg3 Nc6 15. c4 Nb6 16. f4 Rd8 17. Qg4 Nc8 18. f5 h5 19. Qh3 exf5 20. Rxf5 Nxd6 21. exd6 Qe3+ 22. Kh1 h4 23. Raf1 f6 24. R5f3 Qg5 25. Bf4 Qg6 26. Re3 Kg8 27. Qe6+ Qf7 28. Qd5 Qxd5 29. cxd5 Nd4 30. Re7 Nf5 31. Rxb7 Nxd6 32. Bxd6 Rxd6 33. Rxa7 Rxd5 34. h3 Kh7 35. Re1 Rb8 36. Ree7 Rxb2 37. Rxg7+ Kh6 38. Rg4 Rd1+ 39. Kh2 Rdd2 40. Rxh4+ Kg5 41. Rg4+ Kf5 42. Rc7 Rdc2 43. a4 Ra2 44. Rc6 c4 45. Rcxc4 Rd2 46. Rcf4+ Ke5 47. Rf3 f5 48. Rg5 Rxa4 49. Rgxf5+ Ke6 50. R5f4 Raa2 51. Rg4 Rd5 52. h4 Rf5 53. Rxf5 Kxf5 54. Rg5+ Kf6 55. Kh3 Ra3+ 56. g3 Ra2 57. Rc5 Ra3 58. Rc6+ Kg7 59. h5 Ra4 60. g4 Rb4 61. Kh4 Rb1 62. Kg5 Rb5+ 63. Kh4 Rb1 64. Rc7+ Kg8 65. g5 Rb4+ 66. Kg3 Rb3+ 67. Kf4 Rb4+ 68. Kf5 Rb5+ 69. Kf4 Rb4+ 70. Ke3 Rb5 71. Kf4 Rb4+ 1/2-1/2

[Event "Titled Tuesday intern op 07th Jan Early"]
[Site "Chess.com INT"]
[Date "2025.01.07"]
[Round "5"]
[White "Cordoba Roa, Angel Gabriel"]
[Black "Dixit, Nikhil"]
[Result "1-0"]
[WhiteElo "2358"]
[BlackElo "2349"]
[PlyCount "75"]
[EventDate "2025.01.07"]
[EventType "swiss (blitz)"]
[EventRounds "11"]
[EventCountry "USA"]
[SourceTitle "CB03_2025"]
[SourceDate "2025.01.15"]
[SourceVersion "1"]
[SourceVersionDate "2025.01.15"]
[SourceQuality "1"]

1. e4 c5 2. Nf3 Nc6 3. d4 cxd4 4. Nxd4 e5 5. Nb5 d6 6. a4 Nf6 7. N1c3 a6 8. Na3 Be7 9. Bc4 0-0 10. Bg5 Be6 11. Bxf6 Bxf6 12. 0-0 Nd4 13. Nd5 Rc8 14. c3 Bxd5 15. Bxd5 Ne6 16. Bxb7 Rb8 17. Bxa6 Rxb2 18. Bb5 Nf4 19. Nc4 Re2 20. g3 Qc8 21. Ne3 Rb2 22. gxf4 exf4 23. Nd5 Qh3 24. Nxf4 Qh4 25. Ng2 Qh3 26. Qd3 Qh5 27. Rfb1 Rxb1+ 28. Rxb1 Be5 29. f4 Bf6 30. a5 Rc8 31. Rb3 Qc5+ 32. Qe3 Qc7 33. Qb6 Qe7 34. a6 Qxe4 35. a7 Bd8 36. Qb8 Qf3 37. Qxc8 Qd1+ 38. Kf2 1-0

[Event "Titled Tuesday intern op 07th Jan Early"]
[Site "Chess.com INT"]
[Date "2025.01.07"]
[Round "2"]
[White "Dixit, Nikhil"]
[Black "Zhigalko, Sergei"]
[Result "0-1"]
[WhiteElo "2349"]
[BlackElo "2572"]
[PlyCount "118"]
[EventDate "2025.01.07"]
[EventType "swiss (blitz)"]
[EventRounds "11"]
[EventCountry "USA"]
[SourceTitle "CB03_2025"]
[SourceDate "2025.01.15"]
[SourceVersion "1"]
[SourceVersionDate "2025.01.15"]
[SourceQuality "1"]

1. e4 c5 2. Nf3 Nc6 3. d4 cxd4 4. Nxd4 Nf6 5. Nc3 e5 6. Ndb5 d6 7. Bg5 a6 8. Na3 b5 9. Nd5 Be7 10. Bxf6 Bxf6 11. c3 Bg5 12. Bd3 Ne7 13. 0-0 Nxd5 14. exd5 0-0 15. Nc2 f5 16. a4 bxa4 17. Rxa4 a5 18. b4 Bd7 19. Rxa5 Rxa5 20. bxa5 Qxa5 21. Nb4 Qa3 22. Qa1 Ra8 23. Ba6 Qxa1 24. Rxa1 Bd2 25. Ra3 Bb5 26. g3 Kf7 27. Ra2 Bxa6 28. Rxa6 Rxa6 29. Nxa6 Bxc3 30. Nc7 e4 31. f4 exf3 32. Kf2 Kf6 33. Kxf3 Ke5 34. h3 g6 35. g4 fxg4+ 36. hxg4 Ba5 37. Ne6 Kxd5 38. Nf8 Bd8 39. Nxh7 Be7 40. Kf4 Ke6 41. g5 d5 42. Ke3 Ke5 43. Kd3 Kd6 44. Kd4 Ke6 45. Kd3 Kf7 46. Kd4 Kg7 47. Nf6 Bxf6+ 48. gxf6+ Kxf6 49. Kxd5 Kf5 50. Kd4 Kf4 51. Kd3 Kf3 52. Kd2 Kf2 53. Kd3 g5 54. Ke4 g4 55. Kf4 g3 56. Kg4 g2 57. Kh3 g1Q 58. Kh4 Qg6 59. Kh3 Qg3# 0-1

[Event "Qatar Masters op-A"]
[Site "Doha"]
[Date "2024.12.09"]
[Round "6"]
[White "Dixit, Nikhil"]
[Black "Sriansh, Das"]
[Result "1/2-1/2"]
[WhiteElo "2361"]
[BlackElo "2315"]
[PlyCount "93"]
[EventDate "2024.12.03"]
[EventType "swiss"]
[EventRounds "9"]
[EventCountry "QAT"]
[SourceTitle "CB51_2024"]
[SourceDate "2024.12.18"]
[SourceVersion "1"]
[SourceVersionDate "2024.12.18"]
[SourceQuality "1"]

1. e4 e6 2. d4 d5 3. e5 c5 4. c3 Qb6 5. Nf3 Bd7 6. Bd3 Bb5 7. dxc5 Bxc5 8. b4 Bxd3 9. Qxd3 Bf8 10. 0-0 Ne7 11. Na3 Nec6 12. Be3 Qd8 13. Nc2 Nd7 14. Bf4 Be7 15. Rfe1 0-0 16. Rad1 Rc8 17. a3 Nb6 18. Ne3 Qc7 19. g3 Rfd8 20. Ng4 Nc4 21. Nf6+ gxf6 22. exf6 e5 23. fxe7 Qxe7 24. Qf5 Qe6 25. Qxe6 fxe6 26. Nxe5 N6xe5 27. Bxe5 Nxa3 28. Bd4 Re8 29. Re5 Nb5 30. Rg5+ Kf8 31. Bc5+ Kf7 32. Rd3 Rxc5 33. Rf3+ Ke7 34. bxc5 Kd7 35. Rg7+ Kc6 36. Rff7 a5 37. Rxb7 Ra8 38. Rb6+ Kxc5 39. Rxe6 a4 40. Rxh7 a3 41. Rhh6 Nxc3 42. Ra6 Rxa6 43. Rxa6 Kb4 44. h4 d4 45. Kf1 Na4 46. Rc6 Nc3 47. Ra6 1/2-1/2

[Event "Qatar Masters op-A"]
[Site "Doha"]
[Date "2024.12.07"]
[Round "5"]
[White "Heinemann, Josefine"]
[Black "Dixit, Nikhil"]
[Result "1-0"]
[WhiteElo "2305"]
[BlackElo "2361"]
[PlyCount "111"]
[EventDate "2024.12.03"]
[EventType "swiss"]
[EventRounds "9"]
[EventCountry "QAT"]
[SourceTitle "CB51_2024"]
[SourceDate "2024.12.18"]
[SourceVersion "1"]
[SourceVersionDate "2024.12.18"]
[SourceQuality "1"]

1. e4 c5 2. Nf3 Nc6 3. Bb5 g6 4. 0-0 Bg7 5. Re1 Nf6 6. Bxc6 dxc6 7. d3 0-0 8. h3 a5 9. a4 Qc7 10. e5 Nd5 11. Nbd2 b6 12. Nc4 Be6 13. Qe2 Rad8 14. Ng5 Bc8 15. Nf3 f6 16. b3 g5 17. Nh2 h6 18. Bb2 Nf4 19. Qe3 Nd5 20. Qe2 Nf4 21. Qe3 f5 22. Qd2 Be6 23. h4 Bd5 24. hxg5 hxg5 25. f3 Bxc4 26. bxc4 Ne6 27. Nf1 Kf7 28. Rab1 Rh8 29. Ng3 Kg6 30. Qe3 Rh4 31. Nxf5 Kxf5 32. g3 Rdh8 33. gxh4 Rxh4 34. Re2 Nf4 35. Rh2 Rxh2 36. Kxh2 Qc8 37. Rh1 Kg6 38. Qe4+ Kf7 39. Kg3 Qe6 40. Kf2 Nh3+ 41. Ke1 Nf4 42. Bc3 Ng6 43. Kd1 Nf4 44. Kc1 Qg6 45. Qxg6+ Kxg6 46. Kd2 Bh6 47. Ke1 Ne6 48. Kf2 Nc7 49. Rb1 Na8 50. e6 Kf5 51. Rh1 Kg6 52. Kg3 Nc7 53. Rb1 Na8 54. Kg4 Bf8 55. Be5 Bh6 56. Rh1 1-0

[Event "Qatar Masters op-A"]
[Site "Doha"]
[Date "2024.12.03"]
[Round "1"]
[White "Paravyan, David"]
[Black "Dixit, Nikhil"]
[Result "1/2-1/2"]
[WhiteElo "2620"]
[BlackElo "2361"]
[PlyCount "108"]
[EventDate "2024.12.03"]
[EventType "swiss"]
[EventRounds "9"]
[EventCountry "QAT"]
[SourceTitle "CB51_2024"]
[SourceDate "2024.12.18"]
[SourceVersion "1"]
[SourceVersionDate "2024.12.18"]
[SourceQuality "1"]

1. e4 g6 2. d4 Bg7 3. f4 c5 4. d5 d6 5. Nc3 Na6 6. Nf3 Nc7 7. Bd3 Nf6 8. 0-0 0-0 9. a4 Rb8 10. Qe1 a6 11. a5 b5 12. axb6 Rxb6 13. Kh1 Re8 14. f5 Bd7 15. fxg6 hxg6 16. e5 dxe5 17. Nxe5 Bb5 18. Nxb5 axb5 19. Nxf7 Kxf7 20. Qg3 Rh8 21. d6 Rxd6 22. Bxg6+ Kg8 23. Bf4 Nh5 24. Bxh5 Rxh5 25. Bxd6 Qxd6 26. Rf8+ Kh7 27. Qxd6 exd6 28. Rf7 Ne6 29. Re1 Re5 30. Rxe5 dxe5 31. Re7 Nd4 32. c3 Nc2 33. Kg1 b4 34. Kf2 c4 35. Rc7 bxc3 36. bxc3 Na3 37. g4 e4 38. h4 Kg8 39. g5 Bxc3 40. h5 Bd4+ 41. Ke2 Nb5 42. Rxc4 Bg7 43. Ke3 Nd6 44. Rc6 Be5 45. Rc5 Bh2 46. Rc2 Be5 47. Ra2 Kf7 48. g6+ Ke6 49. Ra6 Bg7 50. Rc6 Ke5 51. Rc5+ Ke6 52. Rc6 Ke5 53. Rc5+ Ke6 54. Rc6 Ke5 1/2-1/2

[Event "Titled Tuesday intern op 10th Sep Early"]
[Site "Chess,com INT"]
[Date "2024.09.10"]
[Round "1"]
[White "Dixit, Nikhil"]
[Black "Dreelinck, Jacob"]
[Result "1-0"]
[WhiteElo "2361"]
[BlackElo "2267"]
[PlyCount "73"]
[EventDate "2024.09.10"]
[EventType "swiss (blitz)"]
[EventRounds "11"]
[EventCountry "USA"]
[SourceTitle "EXT 2025"]
[Source "ChessBase"]
[SourceDate "2024.10.14"]
[SourceVersion "1"]
[SourceVersionDate "2024.10.14"]
[SourceQuality "1"]

1. e4 h6 2. d4 a6 3. c4 d6 4. Nc3 e5 5. dxe5 dxe5 6. Qxd8+ Kxd8 7. Be3 Nf6 8. 0-0-0+ Ke8 9. f3 Nbd7 10. g4 Bc5 11. Bxc5 Nxc5 12. h4 c6 13. b4 Ne6 14. Na4 Nd7 15. Ne2 b5 16. Nb2 a5 17. cxb5 cxb5 18. Nc3 axb4 19. Nxb5 Ke7 20. Bc4 Ba6 21. Nd6 Bxc4 22. Nf5+ Kf6 23. Nxc4 Nd4 24. Nxd4 exd4 25. Rxd4 Ne5 26. Rd6+ Ke7 27. Nxe5 Rxa2 28. Rhd1 Rc8+ 29. Kb1 Rcc2 30. Rd7+ Ke6 31. Nd3 Rh2 32. Rd5 b3 33. Nc5+ Ke7 34. Re5+ Kf6 35. Rf5+ Kg6 36. h5+ Kh7 37. Nd3 1-0

[Event "Titled Tuesday intern op 10th Sep Early"]
[Site "Chess,com INT"]
[Date "2024.09.10"]
[Round "4"]
[White "Todev, Simeon"]
[Black "Dixit, Nikhil"]
[Result "1/2-1/2"]
[WhiteElo "2092"]
[BlackElo "2361"]
[PlyCount "162"]
[EventDate "2024.09.10"]
[EventType "swiss (blitz)"]
[EventRounds "11"]
[EventCountry "USA"]
[SourceTitle "EXT 2025"]
[Source "ChessBase"]
[SourceDate "2024.10.14"]
[SourceVersion "1"]
[SourceVersionDate "2024.10.14"]
[SourceQuality "1"]

1. e4 c5 2. Nf3 Nc6 3. c3 Nf6 4. e5 Nd5 5. d4 cxd4 6. cxd4 d6 7. exd6 Qxd6 8. Bd3 Bg4 9. Be3 Nxe3 10. fxe3 e5 11. dxe5 Nxe5 12. Bb5+ Bd7 13. Qxd6 Bxd6 14. Bxd7+ Nxd7 15. Nc3 Bb4 16. Ke2 Bxc3 17. bxc3 Ke7 18. Rab1 b6 19. Rb4 Rhc8 20. Rd1 Nc5 21. Rbd4 Rc7 22. Rg4 Ne6 23. Ng5 Nxg5 24. Rxg5 g6 25. Rd3 Rac8 26. Kd2 Rc5 27. Rgd5 Rxd5 28. Rxd5 Rc4 29. Rd4 Rc5 30. Ra4 a5 31. Re4+ Kd6 32. Kd3 f5 33. Rd4+ Ke6 34. Rc4 Rb5 35. Kc2 g5 36. Rc6+ Ke5 37. a4 Rc5 38. Rxb6 Rc7 39. Rb5+ Ke4 40. Rxa5 h5 41. Ra6 Kxe3 42. Re6+ Kf2 43. Re5 Rf7 44. g3 Kg2 45. Re2+ Kh3 46. Kd3 f4 47. gxf4 Rxf4 48. c4 g4 49. a5 h4 50. a6 Rf7 51. Ra2 Ra7 52. c5 g3 53. hxg3 hxg3 54. Kc4 g2 55. Rxg2 Kxg2 56. Kb5 Ra8 57. c6 Rb8+ 58. Kc5 Rb1 59. a7 Ra1 60. Kb6 Rb1+ 61. Kc7 Ra1 62. Kb7 Rb1+ 63. Kc8 Ra1 64. Kb8 Rb1+ 65. Ka8 Rc1 66. Kb7 Rb1+ 67. Ka6 Ra1+ 68. Kb6 Rb1+ 69. Kc5 Rc1+ 70. Kd6 Rd1+ 71. Ke5 Re1+ 72. Kd4 Rd1+ 73. Ke3 Re1+ 74. Kd2 Re8 75. Kc3 Kf3 76. Kc4 Ra8 77. c7 Ke4 78. Kc5 Ke5 79. Kc6 Ke6 80. Kb7 Kd7 81. Kxa8 Kc8 1/2-1/2

[Event "Titled Tuesday intern op 03rd Sep Early"]
[Site "Chess.com INT"]
[Date "2024.09.03"]
[Round "5"]
[White "Dixit, Nikhil"]
[Black "Dardha, Daniel"]
[Result "0-1"]
[WhiteElo "2361"]
[BlackElo "2603"]
[PlyCount "34"]
[EventDate "2024.09.03"]
[EventType "swiss (blitz)"]
[EventRounds "11"]
[EventCountry "USA"]
[SourceTitle "EXT 2025"]
[Source "ChessBase"]
[SourceDate "2024.10.14"]
[SourceVersion "1"]
[SourceVersionDate "2024.10.14"]
[SourceQuality "1"]

1. e4 c5 2. Nf3 Nc6 3. Bb5 e6 4. 0-0 Nge7 5. c3 a6 6. Be2 d5 7. e5 d4 8. Na3 d3 9. Nc4 dxe2 10. Qxe2 Ng6 11. d3 b5 12. Ncd2 Be7 13. g3 Bb7 14. h4 Qd5 15. c4 bxc4 16. dxc4 Nd4 17. Nxd4 Qh1# 0-1

[Event "Titled Tuesday intern op 03rd Sep Early"]
[Site "Chess.com INT"]
[Date "2024.09.03"]
[Round "6"]
[White "Taboas Rodriguez, Daniel"]
[Black "Dixit, Nikhil"]
[Result "1-0"]
[WhiteElo "2330"]
[BlackElo "2361"]
[PlyCount "129"]
[EventDate "2024.09.03"]
[EventType "swiss (blitz)"]
[EventRounds "11"]
[EventCountry "USA"]
[SourceTitle "EXT 2025"]
[Source "ChessBase"]
[SourceDate "2024.10.14"]
[SourceVersion "1"]
[SourceVersionDate "2024.10.14"]
[SourceQuality "1"]

1. d4 Nf6 2. Nf3 g6 3. c4 Bg7 4. Nc3 0-0 5. e4 d6 6. Be2 e5 7. dxe5 dxe5 8. Qxd8 Rxd8 9. Bg5 c6 10. Nxe5 Re8 11. 0-0-0 h6 12. Bh4 g5 13. Bg3 Na6 14. f3 Nh5 15. Nd3 Be6 16. Nf2 Nxg3 17. hxg3 Bxc3 18. bxc3 Kg7 19. Kb2 Nc5 20. Rd6 Rad8 21. Rhd1 Rxd6 22. Rxd6 Kf6 23. Nd3 Ke7 24. e5 Na4+ 25. Kb3 Nb6 26. Nc5 Nc8 27. Rd1 b6 28. Nxe6 fxe6 29. Rh1 Rh8 30. f4 gxf4 31. gxf4 Kd7 32. g4 Ne7 33. Rd1+ Kc7 34. Rd6 Ng6 35. f5 Nf4 36. Bf3 c5 37. f6 Rf8 38. a4 Rf7 39. a5 bxa5 40. Rc6+ Kd7 41. Rxc5 Rf8 42. Rxa5 Rb8+ 43. Kc2 Ng6 44. Rxa7+ Ke8 45. Ra5 Kf8 46. Be4 Nf4 47. c5 Rc8 48. c6 h5 49. g5 h4 50. g6 h3 51. g7+ Kg8 52. Ra1 Ne2 53. Re1 Ng3 54. Bf3 h2 55. Kd3 Kf7 56. Kd4 Rd8+ 57. Kc5 Nf5 58. c7 Rd3 59. c4 Rxf3 60. c8Q Nh6 61. Qf8+ Kg6 62. g8Q+ Nxg8 63. Qxg8+ Kf5 64. f7 Kf4 65. f8Q# 1-0

[Event "Titled Tuesday intern op 06th Aug Early"]
[Site "Chess.com INT"]
[Date "2024.08.06"]
[Round "7"]
[White "Dixit, Nikhil"]
[Black "Gutierrez Olivares, Daniel"]
[Result "1-0"]
[WhiteElo "2382"]
[BlackElo "2354"]
[PlyCount "57"]
[EventDate "2024.08.06"]
[EventType "swiss (blitz)"]
[EventRounds "11"]
[EventCountry "USA"]
[SourceTitle "EXT 2025"]
[Source "ChessBase"]
[SourceDate "2024.10.14"]
[SourceVersion "1"]
[SourceVersionDate "2024.10.14"]
[SourceQuality "1"]

1. e4 e6 2. d4 d5 3. e5 c6 4. Nf3 c5 5. c3 Nc6 6. Bd3 Bd7 7. 0-0 cxd4 8. Re1 dxc3 9. bxc3 Bc5 10. Nbd2 Nge7 11. Nb3 Bb6 12. h4 h6 13. Nfd4 Nf5 14. Bxf5 exf5 15. e6 Bxe6 16. Ba3 Qxh4 17. g3 Qf6 18. Nxe6 fxe6 19. Qxd5 e5 20. Rad1 Rd8 21. Qc4 f4 22. Rxd8+ Kxd8 23. Rd1+ Kc8 24. Rd6 Qg5 25. Rxc6+ bxc6 26. Qxc6+ Bc7 27. Bd6 Qd8 28. Qa6+ Kb8 29. Na5 1-0

[Event "Titled Tuesday intern op 06th Aug Early"]
[Site "Chess.com INT"]
[Date "2024.08.06"]
[Round "5"]
[White "Dixit, Nikhil"]
[Black "Kollars, Dmitrij"]
[Result "1/2-1/2"]
[WhiteElo "2382"]
[BlackElo "2656"]
[PlyCount "66"]
[EventDate "2024.08.06"]
[EventType "swiss (blitz)"]
[EventRounds "11"]
[EventCountry "USA"]
[SourceTitle "EXT 2025"]
[Source "ChessBase"]
[SourceDate "2024.10.14"]
[SourceVersion "1"]
[SourceVersionDate "2024.10.14"]
[SourceQuality "1"]

1. e4 e5 2. Nf3 Nc6 3. Nc3 Nf6 4. d4 exd4 5. Nxd4 Bb4 6. Nxc6 bxc6 7. Bd3 0-0 8. 0-0 Re8 9. Bg5 h6 10. Bh4 Bxc3 11. bxc3 g5 12. Bg3 Nxe4 13. Qh5 d5 14. Qxh6 Bf5 15. Rae1 Re6 16. Qh5 Bg6 17. Qh3 Qf6 18. f4 Nxg3 19. hxg3 Rxe1 20. Rxe1 Qxc3 21. Re5 gxf4 22. Bxg6 fxg6 23. Qe6+ Kg7 24. Qe7+ Kh6 25. Qh4+ Kg7 26. Qe7+ Kh6 27. g4 Rb8 28. Qg5+ Kg7 29. Qe7+ Kh6 30. Qh4+ Kg7 31. Qe7+ Kg8 32. Qe6+ Kh7 33. Qe7+ Kh6 1/2-1/2

[Event "Titled Tuesday intern op 30th Jul Early"]
[Site "Chess.com INT"]
[Date "2024.07.30"]
[Round "4"]
[White "Dixit, Nikhil"]
[Black "Liu, Casper Yukun"]
[Result "0-1"]
[WhiteElo "2382"]
[BlackElo "2316"]
[PlyCount "150"]
[EventDate "2024.07.30"]
[EventType "swiss (blitz)"]
[EventRounds "11"]
[EventCountry "USA"]
[SourceTitle "EXT 2025"]
[Source "ChessBase"]
[SourceDate "2024.10.14"]
[SourceVersion "1"]
[SourceVersionDate "2024.10.14"]
[SourceQuality "1"]

1. e4 Nc6 2. Bb5 d5 3. Bxc6+ bxc6 4. Nc3 Nf6 5. d3 e5 6. Nf3 Bg4 7. 0-0 dxe4 8. dxe4 Qxd1 9. Rxd1 Bb4 10. h3 Bxf3 11. gxf3 Bxc3 12. bxc3 Nd7 13. Be3 f6 14. Rab1 Nb6 15. Bc5 Rd8 16. Rxd8+ Kxd8 17. a4 Kc8 18. a5 Na4 19. Bxa7 Kd7 20. Rb3 Ra8 21. Ra3 Nxc3 22. Rxc3 Rxa7 23. Rd3+ Ke6 24. Ra3 Kd6 25. Kf1 h5 26. Rd3+ Ke6 27. Ra3 Kd6 28. a6 Kc5 29. Ke2 Kb4 30. Rb3+ Kc4 31. Rb7 Rxa6 32. Rxc7 g5 33. Rh7 h4 34. Rf7 c5 35. Rc7 Kd4 36. Rd7+ Kc3 37. Rc7 c4 38. Rc8 Rd6 39. Rc5 Rd2+ 40. Ke3 Rd6 41. Rc8 Rd1 42. Ke2 Rd2+ 43. Ke3 Rxc2 44. Rc6 Kb2 45. Rxf6 c3 46. Re6 Rd2 47. Rxe5 Kc1 48. Ra5 Rd8 49. e5 c2 50. Ke2 Rd2+ 51. Ke1 Rd1+ 52. Ke2 Rd2+ 53. Ke1 Rd1+ 54. Ke2 Rd8 55. Rb5 Rd2+ 56. Ke1 Rd1+ 57. Ke2 Rd2+ 58. Ke1 Rd8 59. e6 Re8 60. Rb6 Re7 61. Ke2 Re8 62. Rd6 Re7 63. Ke3 Kb1 64. Rb6+ Kc1 65. Ke4 Kd2 66. Rd6+ Ke2 67. Rc6 Rxe6+ 68. Rxe6 c1Q 69. Re5 Qf4+ 70. Kd5+ Kxf3 71. Re3+ Kxf2 72. Re8 Kg3 73. Ke6 Qe3+ 74. Kf7 Qxe8+ 75. Kxe8 Kxh3 0-1